Ceny a přestavba hospodářského mechanismu 1. Úloha a místo cen v přestavbě hospodářského mechanismu. 2. Komplexní přestavba velkoobchodných cen 1.1. 1989 a cenová pravidla pro experimentující organizace

Guardado en:
Detalles Bibliográficos
Autor principal: Sabolčík, Michal
Formato: Libro
Lenguaje:checo
Publicado: Trutnov Dům kult. ROH 1988
Edición:1. vyd.
Etiquetas: Agregar Etiqueta
Sin Etiquetas, Sea el primero en etiquetar este registro!

MARC

LEADER 00000nam a2200000 4500
001 c036005
005 20221219085018.6
041 0 |a cze 
044 |a CZ 
245 1 0 |a Ceny a přestavba hospodářského mechanismu  |b 1. Úloha a místo cen v přestavbě hospodářského mechanismu. 2. Komplexní přestavba velkoobchodných cen 1.1. 1989 a cenová pravidla pro experimentující organizace  |c Michal Sabolčík 
250 |a 1. vyd. 
264 1 |a Trutnov  |b Dům kult. ROH  |c 1988 
300 |a 78 s. 
100 1 |a Sabolčík, Michal